[Event "BCF-ch Seniors 50"]
[Site "Hull"]
[Date "2018.07.31"]
[Round "3"]
[White "Couchman, Andrew A"]
[Black "Clancy, Martin J"]
[Result "0-1"]
[WhiteElo "1130"]
[BlackElo "1810"]
[PlyCount "56"]
[EventDate "2018.07.29"]
[EventType "swiss"]
[EventRounds "7"]
[EventCountry "ENG"]
[SourceTitle "CBM 185 Extra"]
[Source "ChessBase"]
[SourceDate "2018.07.29"]
[SourceVersion "1"]
[SourceVersionDate "2018.07.29"]
[SourceQuality "1"]

1. d4 Nf6 2. Bf4 d6 3. e3 g6 4. Nf3 Bg7 5. Bd3 c5 6. c3 0-0 7. 0-0 cxd4 8. exd4 Nc6 9. Re1 a6 10. h3 b5 11. b4 Bb7 12. Nbd2 Nd5 13. Bh2 Nxc3 14. Qb3 Nxd4 15. Nxd4 Bxd4 16. Rac1 Rc8 17. Nb1 Bd5 18. Qa3 Nxb1 19. Bxb1 Qb6 20. Bg3 Qb7 21. Red1 Bb6 22. Kh2 Bxg2 23. Rg1 Bd5 24. Rxc8 Rxc8 25. Re1 Bd4 26. Rc1 Rxc1 27. Qxc1 Qc6 28. Qd2 Bc3 0-1